000 01212nam a2200313Ia 4500
001 ebr10558446
003 CaPaEBR
006 m u
007 cr cn|||||||||
008 120105s2012 nju sb 001 0 eng d
010 _z 2011053128
020 _z9780691128900
020 _z9781400841592
040 _aCaPaEBR
_cCaPaEBR
035 _a(OCoLC)794004267
050 1 4 _aBT715
_b.F74 2012eb
082 0 4 _a241/.309015
_223
100 1 _aFredriksen, Paula.
245 1 0 _aSin
_h[electronic resource] :
_bthe early history of an idea /
_cPaula Fredriksen.
260 _aPrinceton, NJ :
_bPrinceton University Press,
_c2012.
300 _avii, 209 p.
504 _aIncludes bibliographical references and index.
533 _aElectronic reproduction.
_bPalo Alto, Calif. :
_cebrary,
_d2011.
_nAvailable via World Wide Web.
_nAccess may be limited to ebrary affiliated libraries.
650 0 _aSin
_xChristianity
_xHistory of doctrines
_yEarly church, ca. 30-600.
650 0 _aTheology
_xHistory.
655 7 _aElectronic books.
_2local
710 2 _aebrary, Inc.
856 4 0 _uhttp://site.ebrary.com/lib/rucke/Doc?id=10558446
_zAn electronic book accessible through the World Wide Web; click to view
999 _c88399
_d88399